|
|
|
|
| LEADER |
01386nam a2200301 u 4500 |
| 001 |
10065955 |
| 003 |
upatras |
| 005 |
20210117201338.0 |
| 008 |
080402s2002 uk eng |
| 020 |
|
|
|a 1402011083
|
| 040 |
|
|
|a ΠΑΝΕΠΙΣΤΗΜΙΟ ΠΑΤΡΑΣ
|c ΠΑΝΕΠΙΣΤΗΜΙΟ ΠΑΤΡΑΣ
|
| 041 |
0 |
|
|a eng
|
| 082 |
0 |
4 |
|a 320.6
|
| 245 |
1 |
0 |
|a The theory and practice of institutional transplantation
|b experiences with the transfer of policy institutions
|c ; edited by Martin de Jong, Konstantinos Lalenis, Virginie Mamadouh
|
| 260 |
|
|
|a Dordrecht
|a Boston
|a London
|b Kluwer Academic Publishers
|c 2002
|
| 300 |
|
|
|a xi, 313 p.
|c 25 cm.
|
| 490 |
0 |
|
|a The geojournal library
|v 74
|
| 504 |
|
|
|a Includes bibliographical references and index
|
| 650 |
|
4 |
|a Πολιτική επιστήμη
|x Διεθνείς σχέσεις
|9 59514
|
| 700 |
1 |
|
|a Jong w., Martin de
|d 1970-
|4 edt
|9 59515
|
| 700 |
1 |
|
|a Lalenis, Konstantinos
|4 edt
|9 59516
|
| 700 |
1 |
|
|a Mamadouh, Virginie
|d 1963-
|4 edt
|9 59517
|
| 760 |
0 |
|
|a The geojournal library
|g 74
|
| 852 |
|
|
|a GR-PaULI
|b ΠΑΤΡΑ
|b ΑΡΧΙΤΕΚΤΟΝΙΚΗ
|k ΑΣΧΞ-2
|h 320.6 JON
|m 004746
|p 025000148086
|t 1
|
| 942 |
|
|
|2 ddc
|c BK15
|
| 952 |
|
|
|0 0
|1 0
|4 0
|6 320_600000000000000_JON
|7 0
|9 65783
|a ARCH
|b ARCH
|d 2016-04-24
|i 004746
|l 0
|o 320.6 JON
|p 025000148086
|r 2016-04-24 00:00:00
|t 1
|w 2016-04-24
|y BK15
|
| 998 |
|
|
|c Κηπουργού
|d 2008-04
|
| 999 |
|
|
|c 42257
|d 42257
|